Sal Andrews caso interactivo : la campaña de relanzamiento...[disco compacto] /
| Байгууллагын зохиогч: | |
|---|---|
| Формат: | Ном |
| Хэл сонгох: | испани |
| Хэвлэсэн: |
Alajuela, Costa Rica:
INCAE,
1998
|
| Нөхцлүүд: |
MARC
| LEADER | 00000nam a2200000Ia 4500 | ||
|---|---|---|---|
| 008 | 180925b1998 cr ||||| |||| 00| | spa d | ||
| 999 | |c 2447 |d 2447 | ||
| 090 | |a CD #15 | ||
| 110 | 2 | |a Centro de Investigaciones del INCAE |9 4303 | |
| 245 | 1 | 0 | |a Sal Andrews caso interactivo : la campaña de relanzamiento...[disco compacto] / |c Centro de Investigaciones del INCAE |
| 260 | |a Alajuela, Costa Rica: |b INCAE, |c 1998 | ||
| 300 | |a Disco Compacto. 12 cm de diámetro | ||
| 650 | 1 | 0 | |a ESTUDIOS DE MERCADO |9 4304 |
| 942 | |i 001397 |h CD #15 |2 z |c 08 | ||
